[Event "Aragon-chT Preferente Gr I"]
[Site "Aragon"]
[Date "2023.03.11"]
[Round "7.33"]
[White "Portero Garnica, Miguel Angel"]
[Black "Sancho Cortes, Miguel Angel"]
[Result "1/2-1/2"]
[WhiteElo "2072"]
[BlackElo "2024"]
[PlyCount "87"]
[EventDate "2023.01.28"]
[EventType "team-tourn"]
[EventRounds "9"]
[EventCountry "ESP"]
[SourceTitle "EXT 2024"]
[Source "ChessBase"]
[SourceDate "2023.10.10"]
[SourceVersion "1"]
[SourceVersionDate "2023.10.10"]
[SourceQuality "1"]
[WhiteTeam "Marcos Frechin II"]
[BlackTeam "Iberajedrez Mundo 64 II"]
[WhiteTeamCountry "ESP"]
[BlackTeamCountry "ESP"]

1. e4 d6 2. d4 Nf6 3. Nc3 Nbd7 4. f4 e5 5. Nf3 exd4 6. Qxd4 Be7 7. Be3 0-0 8. h3 Nh5 9. 0-0-0 Ng3 10. Rg1 Nxf1 11. Rgxf1 Re8 12. e5 Nf8 13. Nd5 Be6 14. Nxe7+ Qxe7 15. exd6 Qxd6 16. Qxd6 cxd6 17. Bd4 Rac8 18. Kb1 Bf5 19. Bc3 Rc4 20. g4 Bd7 21. f5 Rf4 22. Nd4 Rxf1 23. Rxf1 Re3 24. Rh1 a6 25. Bd2 Re4 26. c3 Bc6 27. Rf1 Nd7 28. Bf4 Ne5 29. f6 Nc4 30. Nf5 Re2 31. Nxd6 Nxb2 32. fxg7 Bg2 33. Rg1 Nd3 34. Bh6 Nc5 35. Nf5 Be4+ 36. Ka1 Bxf5 37. gxf5 f6 38. Rd1 Re8 39. Rd5 Ne4 40. Rd3 Nc5 41. Rf3 Nd7 42. Kb2 Ne5 43. Rf1 Nf7 44. Bf4 1/2-1/2

[Event "Aragon-chT Honor Gr I"]
[Site "Aragon"]
[Date "2022.02.19"]
[Round "4.18"]
[White "Portero Garnica, Miguel Angel"]
[Black "Cid Royo, Oscar"]
[Result "1/2-1/2"]
[WhiteElo "2088"]
[BlackElo "2015"]
[PlyCount "99"]
[EventDate "2022.01.29"]
[EventType "team-tourn"]
[EventRounds "7"]
[EventCountry "ESP"]
[SourceTitle "EXT 2024"]
[Source "ChessBase"]
[SourceDate "2023.10.10"]
[SourceVersion "1"]
[SourceVersionDate "2023.10.10"]
[SourceQuality "1"]
[WhiteTeam "Marcos Frechin"]
[BlackTeam "La Aurora Estadilla"]
[WhiteTeamCountry "ESP"]
[BlackTeamCountry "ESP"]

1. e4 c6 2. d4 d5 3. Nc3 g6 4. Bg5 Bg7 5. e5 f6 6. Bf4 Nh6 7. Qd2 g5 8. exf6 exf6 9. Be3 Nf5 10. 0-0-0 0-0 11. Bd3 Nxe3 12. Qxe3 f5 13. f4 Re8 14. Qh3 g4 15. Qh5 Rf8 16. h3 Nd7 17. Bxf5 Nf6 18. Qg5 h6 19. Qg6 Qd6 20. Nge2 Bxf5 21. Qxf5 Rae8 22. hxg4 Ne4 23. Qh5 Nf2 24. g5 Nxh1 25. Rxh1 Re6 26. g3 b5 27. gxh6 Rxh6 28. Qf3 Rxh1+ 29. Qxh1 Qe6 30. Qf3 Re8 31. Kd2 a5 32. Nd1 Qd6 33. Qh5 Qe7 34. a3 b4 35. axb4 axb4 36. b3 Qe4 37. c3 bxc3+ 38. Ndxc3 Qe3+ 39. Kc2 Re7 40. Qg6 Re6 41. Qd3 Qf2 42. Kd2 Bf8 43. Na2 Qf1 44. Nac1 Bb4+ 45. Kc2 Qf2 46. g4 Re4 47. Qa6 Rxd4 48. Qc8+ Bf8 49. Qe6+ Kh7 50. Qf7+ 1/2-1/2

[Event "Aragon-chT Honor Gr II"]
[Site "Aragon"]
[Date "2018.02.10"]
[Round "3.26"]
[White "Portero Garnica, Miguel Angel"]
[Black "Garcia Fernandez, Javier"]
[Result "1/2-1/2"]
[WhiteElo "2116"]
[BlackElo "2148"]
[PlyCount "138"]
[EventDate "2018.01.27"]
[EventType "team-tourn"]
[EventRounds "7"]
[EventCountry "ESP"]
[SourceTitle "EXT 2019"]
[Source "ChessBase"]
[SourceDate "2018.10.10"]
[SourceVersion "1"]
[SourceVersionDate "2018.10.10"]
[SourceQuality "1"]
[WhiteTeam "Marcos Frechin"]
[BlackTeam "Teruel"]
[WhiteTeamCountry "ESP"]
[BlackTeamCountry "ESP"]

1. e4 c5 2. Nf3 g6 3. d4 cxd4 4. Qxd4 Nf6 5. e5 Nc6 6. Qf4 Nd5 7. Qe4 Nb6 8. Bf4 d5 9. exd6 Bf5 10. Qe2 Bg7 11. dxe7 Qxe7 12. Qxe7+ Kxe7 13. c3 Na4 14. Bb5 Nxb2 15. 0-0 Rhc8 16. Bc1 Nd3 17. Ba3+ Kf6 18. Nbd2 a6 19. Bxd3 Bxd3 20. Rfe1 g5 21. Re3 Bf5 22. Rae1 b5 23. Bc5 Kg6 24. h3 h5 25. Nb3 Be6 26. Nfd2 a5 27. a3 Ra6 28. Kh2 Rd8 29. h4 g4 30. Kg3 Rd5 31. Bd4 Bxd4 32. cxd4 Nxd4 33. Nxd4 Rxd4 34. Nb3 Bxb3 35. Rxb3 b4 36. Re5 f6 37. Rb5 bxa3 38. Rxa3 a4 39. f3 f5 40. fxg4 Rxg4+ 41. Kh3 f4 42. Rb2 Kf5 43. Rba2 Rg3+ 44. Rxg3 fxg3 45. Kxg3 Ke4 46. Ra3 Kd4 47. Kf3 Kc4 48. g4 Rf6+ 49. Kg3 Kb4 50. g5 Rd6 51. Rf3 a3 52. Rf4+ Kc3 53. Ra4 Kb2 54. Rb4+ Kc3 55. Ra4 Kb3 56. Ra7 Rb6 57. Kf4 Rb4+ 58. Kf5 a2 59. g6 Rxh4 60. g7 Rg4 61. Rb7+ Kc3 62. Ra7 Kb2 63. Rb7+ Kc2 64. Ra7 Kb1 65. Rb7+ Kc2 66. Ra7 Kb3 67. Rb7+ Kc4 68. Ra7 Rxg7 69. Rxa2 Rh7 1/2-1/2

[Event "Aragon-chT Preferente B"]
[Site "Aragon"]
[Date "2014.03.15"]
[Round "8.67"]
[White "Gines Esteo, Pedro Antonio"]
[Black "Portero Garnica, Miguel Angel"]
[Result "0-1"]
[WhiteElo "1778"]
[BlackElo "2124"]
[PlyCount "90"]
[EventDate "2014.01.25"]
[EventType "team-tourn"]
[EventRounds "9"]
[EventCountry "ESP"]
[SourceTitle "EXT 2015"]
[Source "ChessBase"]
[SourceDate "2014.11.20"]
[SourceVersion "1"]
[SourceVersionDate "2014.11.20"]
[SourceQuality "1"]
[WhiteTeam "IberCaja II"]
[BlackTeam "Marcos Frechin"]
[WhiteTeamCountry "ESP"]
[BlackTeamCountry "ESP"]

1. e4 e5 2. Nf3 Nc6 3. Bb5 a6 4. Ba4 Nf6 5. 0-0 Nxe4 6. d4 b5 7. Bb3 d5 8. dxe5 Be6 9. Be3 Be7 10. Nbd2 Nc5 11. Bxc5 Bxc5 12. c3 0-0 13. Bc2 f6 14. Nb3 Bb6 15. Qd3 g6 16. Nbd4 Bxd4 17. Nxd4 Qd7 18. Nxe6 Qxe6 19. exf6 Rxf6 20. Bb3 Rd8 21. Rae1 Qf7 22. Re2 Na5 23. Rfe1 Rd7 24. Qd4 Nc6 25. Qg4 Kg7 26. Re6 Rd6 27. Rxd6 Rxd6 28. Qc8 Nd8 29. Qg4 c5 30. Qg3 Qf6 31. Qe5 c4 32. Bd1 Qxe5 33. Rxe5 Kf6 34. f4 Nc6 35. Re8 d4 36. cxd4 Nxd4 37. Rf8+ Kg7 38. Re8 Kf7 39. Rc8 h6 40. Rc7+ Kf6 41. Kf2 Ne6 42. Ra7 Rxd1 43. Rxa6 Rd2+ 44. Ke3 Rxb2 45. Ke4 Rxg2 0-1

[Event "Aragon-chT Preferente B"]
[Site "Aragon"]
[Date "2013.03.02"]
[Round "6.55"]
[White "Portero Garnica, Miguel Angel"]
[Black "Pes Mateo, Angel"]
[Result "1-0"]
[WhiteElo "2118"]
[BlackElo "2029"]
[PlyCount "73"]
[EventDate "2013.01.26"]
[EventType "team"]
[EventRounds "9"]
[EventCountry "ESP"]
[SourceTitle "EXT 2014"]
[Source "ChessBase"]
[SourceDate "2013.11.20"]
[SourceVersion "1"]
[SourceVersionDate "2013.11.20"]
[SourceQuality "1"]
[WhiteTeam "Marcos Frechin"]
[BlackTeam "Delicias CCOO II"]
[WhiteTeamCountry "ESP"]
[BlackTeamCountry "ESP"]

1. e4 c5 2. Nf3 a6 3. d4 cxd4 4. Nxd4 Nf6 5. Nc3 d6 6. Be2 e5 7. Nb3 Nbd7 8. a4 b6 9. 0-0 Bb7 10. Qd3 Be7 11. Be3 Rc8 12. Rad1 Qc7 13. Rd2 0-0 14. f3 Rfe8 15. g4 h6 16. h4 d5 17. exd5 Bb4 18. d6 Qc6 19. g5 Bxc3 20. bxc3 Ng4 21. gxh6 Re6 22. hxg7 e4 23. Qd4 Nxe3 24. Qxe3 Rxd6 25. fxe4 Rg6+ 26. Kh2 Qc7+ 27. Qf4 Qxf4+ 28. Rxf4 Nf6 29. h5 Rh6 30. e5 Nd5 31. Rf5 Rxc3 32. Bf3 Rxf3 33. Rxf3 Rxh5+ 34. Rh3 Rg5 35. Rg3 Rxe5 36. c4 Rh5+ 37. Kg1 1-0

[Event "Aragon-chT Preferente B"]
[Site "Aragon"]
[Date "2013.02.23"]
[Round "5.54"]
[White "Portero Garnica, Miguel Angel"]
[Black "Sanchez Castro, Roberto"]
[Result "1-0"]
[WhiteElo "2118"]
[BlackElo "2014"]
[PlyCount "55"]
[EventDate "2013.01.26"]
[EventType "team"]
[EventRounds "9"]
[EventCountry "ESP"]
[SourceTitle "EXT 2014"]
[Source "ChessBase"]
[SourceDate "2013.11.20"]
[SourceVersion "1"]
[SourceVersionDate "2013.11.20"]
[SourceQuality "1"]
[WhiteTeam "Marcos Frechin"]
[BlackTeam "IberCaja III"]
[WhiteTeamCountry "ESP"]
[BlackTeamCountry "ESP"]

1. e4 c5 2. Nf3 Nc6 3. d4 cxd4 4. Nxd4 e5 5. Nb5 a6 6. N5c3 h6 7. Nd5 Nf6 8. Nbc3 Bc5 9. Bd3 d6 10. 0-0 Nxd5 11. Nxd5 Ne7 12. Bc4 Be6 13. Be3 Bxd5 14. Bxd5 Bxe3 15. fxe3 Nxd5 16. Qxd5 Qc7 17. Rad1 0-0 18. c4 Kh8 19. Rf2 f6 20. b3 Qb6 21. Rd3 Rfd8 22. Rfd2 Rac8 23. Qe6 Rc6 24. Qe7 a5 25. Kf2 Kh7 26. Rd5 a4 27. c5 Rxc5 28. Rxc5 1-0

[Event "Aragon-chT Preferente-B"]
[Site "Spain"]
[Date "2011.02.19"]
[Round "3.3"]
[White "Bellosta Lopez, Pablo"]
[Black "Portero Garnica, Miguel Angel"]
[Result "1/2-1/2"]
[WhiteElo "1948"]
[BlackElo "2112"]
[PlyCount "109"]
[EventDate "2011.02.05"]
[EventType "team-tourn"]
[EventRounds "9"]
[EventCountry "ESP"]
[SourceTitle "EXT 2013"]
[Source "ChessBase"]
[SourceDate "2012.11.22"]
[SourceVersion "1"]
[SourceVersionDate "2012.11.22"]
[SourceQuality "1"]
[WhiteTeam "Atl Huesca"]
[BlackTeam "Marcos Frechin"]
[WhiteTeamCountry "ESP"]
[BlackTeamCountry "ESP"]

1. e4 e5 2. Bc4 Nf6 3. d3 Nc6 4. Nc3 Bb4 5. Nge2 d5 6. exd5 Nxd5 7. 0-0 Be6 8. a3 Be7 9. Nxd5 Bxd5 10. Bxd5 Qxd5 11. Nc3 Qd7 12. Be3 0-0-0 13. Qf3 f5 14. Rfe1 f4 15. Bd2 Nd4 16. Qd1 f3 17. Re4 Rhf8 18. Be3 fxg2 19. Bxd4 exd4 20. Ne2 Qf5 21. Rf4 Qh3 22. Rxf8 Rxf8 23. Ng3 Bd6 24. Qh5 Qxh5 25. Nxh5 g6 26. Ng3 Kd7 27. Re1 Kc6 28. Re4 Kd5 29. Kxg2 c5 30. Re2 b5 31. Ne4 Bf4 32. Re1 a5 33. b3 h5 34. h4 Bc7 35. Ng5 Rf4 36. Re4 Rxe4 37. Nxe4 a4 38. bxa4 bxa4 39. Nd2 Bd8 40. Kh3 Ke5 41. Kg3 Kf5 42. Ne4 Be7 43. Nd2 Bd6+ 44. Kf3 Be7 45. Kg3 Bd6+ 46. Kh3 Bf4 47. Ne4 c4 48. Nc5 cxd3 49. cxd3 Bd6 50. Nxa4 Bxa3 51. Nb6 Kf4 52. Nc4 Bb4 53. Kg2 Bc3 54. Kf1 g5 55. hxg5 1/2-1/2

[Event "Aragon-chT Preferente"]
[Site "Spain"]
[Date "2010.03.20"]
[Round "9.30"]
[White "Portero Garnica, Miguel Angel"]
[Black "Bailo Remacha, Santiago"]
[Result "1-0"]
[WhiteElo "2169"]
[BlackElo "1991"]
[PlyCount "77"]
[EventDate "2010.01.23"]
[EventType "team-swiss"]
[EventRounds "12"]
[EventCountry "ESP"]
[SourceTitle "EXT 2013"]
[Source "ChessBase"]
[SourceDate "2012.11.22"]
[SourceVersion "1"]
[SourceVersionDate "2012.11.22"]
[SourceQuality "1"]
[WhiteTeam "Marcos Frechin"]
[BlackTeam "El Olivar II"]
[WhiteTeamCountry "ESP"]
[BlackTeamCountry "ESP"]

1. e4 c5 2. Nf3 d6 3. d4 cxd4 4. Nxd4 Nf6 5. Nc3 a6 6. Be2 e6 7. 0-0 Be7 8. Be3 0-0 9. a4 b6 10. f4 Bb7 11. Bf3 Nbd7 12. Qe2 Qc7 13. f5 e5 14. Nb3 Nc5 15. Nxc5 dxc5 16. Bg5 Rad8 17. Bxf6 Bxf6 18. Nd5 Bxd5 19. exd5 e4 20. Bxe4 Bxb2 21. Rab1 Bd4+ 22. Kh1 Rfe8 23. Qg4 Rd6 24. Rbe1 Rh6 25. h3 Qd8 26. Bd3 a5 27. Bb5 Re5 28. Qg3 f6 29. c3 Rxe1 30. Rxe1 Be5 31. Qd3 Qd6 32. Re4 g5 33. Bc6 Kf7 34. Qa6 Qc7 35. Qa8 Qb8 36. Qxb8 Bxb8 37. Re6 g4 38. d6 gxh3 39. Re7+ 1-0

[Event "Aragon-chT"]
[Site "Aragon"]
[Date "2009.03.14"]
[Round "7"]
[White "Portero Garnica, Miguel Angel"]
[Black "Alonso Blasco, Jose Miguel"]
[Result "1-0"]
[WhiteElo "2179"]
[BlackElo "2098"]
[PlyCount "63"]
[EventDate "2009.01.24"]
[EventType "team-swiss"]
[EventRounds "9"]
[EventCountry "ESP"]
[SourceTitle "EXT 2011"]
[Source "ChessBase"]
[SourceDate "2010.11.26"]
[SourceVersion "1"]
[SourceVersionDate "2010.11.26"]
[SourceQuality "1"]

1. e4 c6 2. d4 d5 3. e5 Bf5 4. Nf3 e6 5. Be2 c5 6. Be3 Nd7 7. 0-0 Ne7 8. c4 cxd4 9. Bxd4 dxc4 10. Bxc4 Nc6 11. Nc3 a6 12. Re1 Qc7 13. h3 Nxd4 14. Qxd4 Bc5 15. Qf4 h6 16. Bb3 0-0 17. Nd5 Qb8 18. Ne3 Qa7 19. Rad1 Bxe3 20. Rxe3 Nc5 21. g4 Bh7 22. g5 Nxb3 23. gxh6 Nc5 24. Qg5 Bg6 25. hxg7 Kxg7 26. Qf6+ Kg8 27. Rd4 b5 28. Rh4 Bh7 29. Rxh7 Kxh7 30. Ng5+ Kg8 31. Rg3 Rfb8 32. Nxe6+ 1-0

[Event "Aragon-chT Autonomico"]
[Site "Aragon"]
[Date "2007.03.24"]
[Round "9"]
[White "Portero Garnica, Miguel Angel"]
[Black "Salamero Pelay, Fernando"]
[Result "1-0"]
[WhiteElo "2175"]
[BlackElo "2178"]
[PlyCount "109"]
[EventDate "2007.01.27"]
[EventType "team"]
[EventRounds "9"]
[EventCountry "ESP"]
[SourceTitle "EXT 2008"]
[Source "ChessBase"]
[SourceDate "2007.11.25"]
[SourceVersion "1"]
[SourceVersionDate "2007.11.25"]
[SourceQuality "1"]
[WhiteTeam "Marcos Frechin"]
[BlackTeam "Huesca Club Atletismo"]
[WhiteTeamCountry "ESP"]
[BlackTeamCountry "ESP"]

1. e4 Nf6 2. e5 Nd5 3. c4 Nb6 4. c5 Nd5 5. Bc4 c6 6. Nf3 Qa5 7. Bxd5 cxd5 8. Qc2 e6 9. 0-0 Qxc5 10. Nc3 d4 11. Nxd4 Qxd4 12. Nb5 Qc5 13. Nc7+ Kd8 14. Qxc5 Bxc5 15. Nxa8 b5 16. d3 h6 17. Bd2 Bb7 18. Ba5+ Ke7 19. Rac1 Rc8 20. Nc7 Bd4 21. Bb4+ Kd8 22. Nxb5 Rxc1 23. Rxc1 Bxb2 24. Re1 Nc6 25. Bd6 f6 26. f4 a6 27. Rb1 axb5 28. Rxb2 Ba6 29. Kf2 Ke8 30. Ke3 Kf7 31. a3 Kg6 32. g4 Kf7 33. Rf2 Bb7 34. d4 Na5 35. Kd3 Bc6 36. Rc2 Nb7 37. Bb4 Kg6 38. h3 Kf7 39. Rf2 Kg6 40. Bf8 Kf7 41. Bc5 Kg6 42. Kc3 Kf7 43. Kb4 Ke8 44. Bb6 Ke7 45. Bc7 Kf7 46. f5 Ke7 47. Bb6 Kf7 48. Bc5 exf5 49. gxf5 Ke8 50. h4 h5 51. Rf1 Kf7 52. Rg1 Nd8 53. Ka5 Nb7+ 54. Kb6 Nd8 55. Kc7 1-0

[Event "Aragon-chT Autonomico"]
[Site "Aragon"]
[Date "2007.02.03"]
[Round "2"]
[White "Portero Garnica, Miguel Angel"]
[Black "Hernando Garcia, Antonio"]
[Result "0-1"]
[WhiteElo "2175"]
[BlackElo "2209"]
[PlyCount "94"]
[EventDate "2007.01.27"]
[EventType "team"]
[EventRounds "9"]
[EventCountry "ESP"]
[SourceTitle "EXT 2008"]
[Source "ChessBase"]
[SourceDate "2007.11.25"]
[SourceVersion "1"]
[SourceVersionDate "2007.11.25"]
[SourceQuality "1"]
[WhiteTeam "Marcos Frechin"]
[BlackTeam "CAI Olivar II"]
[WhiteTeamCountry "ESP"]
[BlackTeamCountry "ESP"]

1. e4 d5 2. exd5 Qxd5 3. Nc3 Qd8 4. d4 c6 5. Bc4 Nf6 6. Nf3 Bf5 7. Ne5 e6 8. g4 Be4 9. Nxe4 Nxe4 10. Qf3 Nd6 11. Bb3 Nd7 12. Be3 Nxe5 13. dxe5 Qa5+ 14. c3 Qxe5 15. 0-0-0 h5 16. Rhg1 hxg4 17. Rxg4 Nf5 18. Re4 Qf6 19. Bf4 Be7 20. Rg1 Nd6 21. Re3 0-0-0 22. Bc2 Rh4 23. Be5 Qxf3 24. Rxf3 Bf6 25. Bxf6 gxf6 26. Rxf6 Rxh2 27. Rd1 Rhh8 28. b3 Kc7 29. c4 c5 30. Rd3 Rdf8 31. Re3 Kd7 32. Be4 Ke7 33. Rf4 Nxe4 34. Rfxe4 Rh1+ 35. Kc2 Rd8 36. a3 Rhd1 37. Re2 R1d3 38. Re5 b6 39. f4 Kf6 40. b4 Rxa3 41. Kb2 cxb4 42. c5 bxc5 43. Rxc5 Rdd3 44. f5 Rdb3+ 45. Kc2 Rc3+ 46. Rxc3 Rxc3+ 47. Kb2 Kxf5 0-1

[Event "ESP Autonomico-chT"]
[Site "Spain"]
[Date "2006.04.01"]
[Round "9.29"]
[White "Portero Garnica, Miguel Angel"]
[Black "Laliena Solanes, Luis M"]
[Result "0-1"]
[WhiteElo "2187"]
[BlackElo "2174"]
[PlyCount "72"]
[EventDate "2006.02.04"]
[EventType "team"]
[EventRounds "9"]
[EventCountry "ESP"]
[SourceTitle "EXT 2007"]
[Source "ChessBase"]
[SourceDate "2006.11.23"]
[SourceVersion "1"]
[SourceVersionDate "2006.11.23"]
[SourceQuality "1"]

1. e4 c6 2. d4 d5 3. e5 c5 4. dxc5 Nc6 5. Nf3 Bg4 6. Bb5 Qa5+ 7. Nc3 e6 8. Be3 Nh6 9. a3 Nf5 10. Bf4 Qc7 11. Bxc6+ Qxc6 12. h3 Bxf3 13. Qxf3 Bxc5 14. 0-0 0-0 15. Rfd1 f6 16. exf6 Rxf6 17. Rd2 Raf8 18. Qd3 Nh4 19. Bg3 Nf3+ 20. gxf3 Rxf3 21. Re1 Rxd3 22. Rxd3 Rf5 23. Re2 Kf7 24. a4 Bd6 25. b3 Bxg3 26. fxg3 h5 27. Ree3 Qc5 28. Nb5 Rf3 29. b4 Qxe3+ 30. Rxe3 Rxe3 31. Kf2 d4 32. Nxd4 Rc3 33. h4 e5 34. Nb5 Rxc2+ 35. Kf3 Ke6 36. Nxa7 Rc4 0-1

[Event "ESP Autonomico-chT"]
[Site "Spain"]
[Date "2006.03.18"]
[Round "7.29"]
[White "Portero Garnica, Miguel Angel"]
[Black "Gonzalvo Lara, Victor"]
[Result "1-0"]
[WhiteElo "2187"]
[BlackElo "2174"]
[PlyCount "47"]
[EventDate "2006.02.04"]
[EventType "team"]
[EventRounds "9"]
[EventCountry "ESP"]
[SourceTitle "EXT 2007"]
[Source "ChessBase"]
[SourceDate "2006.11.23"]
[SourceVersion "1"]
[SourceVersionDate "2006.11.23"]
[SourceQuality "1"]

1. e4 c5 2. Nf3 d6 3. d4 cxd4 4. Nxd4 Nf6 5. Nc3 a6 6. Be2 e5 7. Nb3 Be7 8. 0-0 0-0 9. Be3 Be6 10. f4 Nbd7 11. f5 Bxb3 12. axb3 Rc8 13. Bf3 Nb6 14. Qd2 Qc7 15. g4 d5 16. exd5 e4 17. Bxe4 Nxg4 18. f6 Bc5 19. Bxc5 Qxc5+ 20. Kh1 Ne5 21. fxg7 Kxg7 22. Rf5 Nbd7 23. Raf1 Qb4 24. Rh5 1-0

[Event "ESP Autonomico-chT"]
[Site "Spain"]
[Date "2006.02.11"]
[Round "2.17"]
[White "Portero Garnica, Miguel Angel"]
[Black "Colas Longares, Rafael P"]
[Result "0-1"]
[WhiteElo "2187"]
[BlackElo "2345"]
[PlyCount "78"]
[EventDate "2006.02.04"]
[EventType "team"]
[EventRounds "9"]
[EventCountry "ESP"]
[SourceTitle "EXT 2007"]
[Source "ChessBase"]
[SourceDate "2006.11.23"]
[SourceVersion "1"]
[SourceVersionDate "2006.11.23"]
[SourceQuality "1"]

1. e4 e5 2. Nf3 Nc6 3. Bb5 d6 4. d4 Bd7 5. Nc3 exd4 6. Nxd4 g6 7. 0-0 Bg7 8. Be3 Nf6 9. h3 0-0 10. Qd2 Nxd4 11. Bxd7 Nxc2 12. Qxc2 Qxd7 13. Rfd1 Rfe8 14. Rac1 c6 15. Qd3 Re6 16. b4 a6 17. Bf4 Qe8 18. f3 Nh5 19. Bg5 h6 20. Bh4 Be5 21. Bf2 Qe7 22. Ne2 Nf4 23. Nxf4 Bxf4 24. Rc2 Re8 25. a4 Qg5 26. Ra2 h5 27. Rc2 h4 28. Ra2 d5 29. exd5 cxd5 30. Rc2 Bg3 31. Kf1 Qf4 32. Qd2 Qe5 33. f4 Qe4 34. Kg1 Bxf4 35. Qd3 Qxb4 36. Qxd5 Re1+ 37. Bxe1 Rxe1+ 38. Kf2 Bg3+ 39. Kf3 Qf4# 0-1

[Event "San Sebastian op 14th"]
[Site "San Sebastian"]
[Date "2004.09.26"]
[Round "3"]
[White "Portero Garnica, Miguel Angel"]
[Black "Darrigues, Alain"]
[Result "0-1"]
[WhiteElo "2088"]
[BlackElo "2030"]
[PlyCount "64"]
[EventDate "2004.09.26"]
[EventType "swiss"]
[EventRounds "7"]
[EventCountry "ESP"]
[SourceTitle "CBM 102 Extra"]
[Source "ChessBase"]
[SourceDate "2004.11.03"]
[SourceVersion "1"]
[SourceVersionDate "2004.11.03"]
[SourceQuality "1"]

1. e4 c5 2. Nf3 Nc6 3. d4 cxd4 4. Nxd4 Nf6 5. Nc3 e5 6. Ndb5 d6 7. Nd5 Nxd5 8. exd5 Ne7 9. c4 Nf5 10. Bd3 Be7 11. 0-0 0-0 12. f4 Qb6+ 13. Kh1 exf4 14. Rxf4 g6 15. Qe1 Bg5 16. Rxf5 Bxc1 17. Qxc1 gxf5 18. Qg5+ Kh8 19. Qf6+ Kg8 20. Nxd6 Qd8 21. Qh6 f6 22. c5 Qe7 23. Bxf5 Bxf5 24. Nxf5 Qf7 25. Re1 Rfe8 26. Re6 Rad8 27. h3 Rxe6 28. dxe6 Rd1+ 29. Kh2 Qc7+ 30. g3 Re1 31. Qxf6 Re2+ 32. Kg1 Qxc5+ 0-1

[Event "Aragon-chT"]
[Site "Zaragoza"]
[Date "1999.12.05"]
[Round "8"]
[White "Cerrajeria Ruiz, Jesus Maria"]
[Black "Portero Garnica, Miguel Angel"]
[Result "1-0"]
[WhiteElo "2217"]
[BlackElo "2190"]
[PlyCount "79"]
[EventDate "1999.11.??"]
[EventType "team"]
[EventRounds "9"]
[EventCountry "ESP"]
[SourceTitle "CBM 073 Extra"]
[Source "ChessBase"]
[SourceDate "2000.01.11"]
[SourceVersion "1"]
[SourceVersionDate "2000.01.11"]
[SourceQuality "1"]

1. e4 e5 2. Nf3 Nc6 3. Bb5 a6 4. Ba4 Nf6 5. 0-0 Nxe4 6. d4 b5 7. Bb3 d5 8. dxe5 Be6 9. c3 Bc5 10. Bf4 g5 11. Bg3 Nxg3 12. hxg3 g4 13. Nd4 Nxe5 14. Re1 Qf6 15. Qe2 Bxd4 16. cxd4 Nc4 17. Bxc4 bxc4 18. Qxg4 Rb8 19. b3 h5 20. Qf4 Qxf4 21. gxf4 cxb3 22. axb3 Kd7 23. Re5 f6 24. Re3 Rb6 25. Nc3 Rxb3 26. Rxa6 h4 27. Na4 Rb1+ 28. Kh2 Bg4 29. f3 h3 30. fxg4 hxg2+ 31. Kxg2 c6 32. Ra7+ Kc8 33. Ra8+ Rb8 34. Rxb8+ Kxb8 35. Re6 Rh4 36. Kg3 Rh1 37. Rxf6 Rd1 38. Rf8+ Ka7 39. g5 Rg1+ 40. Kf3 1-0

[Event "Aragon-chT"]
[Site "Zaragoza"]
[Date "1999.11.29"]
[Round "2"]
[White "Baron Rodriguez, Jesus"]
[Black "Portero Garnica, Miguel Angel"]
[Result "1-0"]
[WhiteElo "2409"]
[BlackElo "2190"]
[PlyCount "41"]
[EventDate "1999.11.??"]
[EventType "team"]
[EventRounds "9"]
[EventCountry "ESP"]
[SourceTitle "CBM 073 Extra"]
[Source "ChessBase"]
[SourceDate "2000.01.11"]
[SourceVersion "1"]
[SourceVersionDate "2000.01.11"]
[SourceQuality "1"]

1. e4 e5 2. Nf3 Nc6 3. Bb5 a6 4. Bxc6 dxc6 5. 0-0 f6 6. d4 exd4 7. Nxd4 c5 8. Nb3 Qxd1 9. Rxd1 Bg4 10. f3 Bd7 11. Bf4 0-0-0 12. Nc3 c4 13. Na5 Bc5+ 14. Kf1 b5 15. a4 Ne7 16. axb5 axb5 17. b3 cxb3 18. Nxb3 Bb4 19. Ra7 Bd6 20. Rxd6 Ng6 21. Rda6 1-0